Central Library OPAC University of Rajshahi

Folk tales of Maharashtra / (Record no. 72129)

MARC details
000 -LEADER
fixed length control field 00701nam a2200241 a 4500
001 - CONTROL NUMBER
control field 72129
003 - CONTROL NUMBER IDENTIFIER
rucl marc code BD-RjUL
005 - DATE AND TIME OF LATEST TRANSACTION
control field 20211209082220.0
008 - FIXED-LENGTH DATA ELEMENTS--GENERAL INFORMATION
fixed length control field 170514r19781974ii a|||| |||| 00| 0 eng d
035 ## - SYSTEM CONTROL NUMBER
System control number (BD-RjUL)72345
040 ## - CATALOGING SOURCE
Original cataloging agency BD-RjUL
Language of cataloging eng
Transcribing agency BD-RjUL
041 ## - LANGUAGE CODE
Language code of text/sound track or separate title eng
082 ## - DEWEY DECIMAL CLASSIFICATION NUMBER
Edition number 23
Classification number 398.2095479
Author mark and year PHF 1978
100 1# - MAIN ENTRY--PERSONAL NAME
Personal name Phatak, Anjali
9 (RLIN) 213331
245 10 - TITLE STATEMENT
Title Folk tales of Maharashtra /
Statement of responsibility, etc. Anjali Phatak ; ill. by Mina Kapadia.
260 ## - PUBLICATION, DISTRIBUTION, ETC. (IMPRINT)
Place of publication, distribution, etc. Bombay :
Name of publisher, distributor, etc. India Book House Education Trust,
Date of publication, distribution, etc. 1978.
300 ## - PHYSICAL DESCRIPTION
Pagination 64 p. :
Illustrations ill. ;
Size 18 cm.
490 ## - SERIES STATEMENT
Series statement Echo.
650 ## - SUBJECT ADDED ENTRY--TOPICAL TERM
Topical term or geographic name as entry element Tales
Geographic subdivision India
-- Maharashtra
9 (RLIN) 213332
700 ## - ADDED ENTRY--PERSONAL NAME
Personal name Kapadia, Mina.
830 ## - SERIES ADDED ENTRY--UNIFORM TITLE
Uniform title Echo.
942 ## - ADDED ENTRY ELEMENTS (KOHA)
Source of classification or shelving scheme Dewey Decimal Classification
Koha item type Books
Holdings
Lost status Source of classification or shelving scheme Damaged status Not for loan Collection code Permanent Location Current Location Shelving location Date acquired Source of acquisition Cost, normal purchase price Total Checkouts Full call number Date last seen Copy number Koha item type
  Dewey Decimal Classification   Not For Loan Non-fiction Central Library, University of Rajshahi Central Library, University of Rajshahi Reading Room 29/09/1978 India Int. cal. 3.50   398.2095479 PHF 1978 14/05/2017 C-1 Books